| 000 | 00767cam a2200265 a 4500 | ||
|---|---|---|---|
| 999 |
_c45277 _d45277 |
||
| 001 | 2540884 | ||
| 005 | 20190109162754.0 | ||
| 008 | 940428s1994 cau b 001 0 eng | ||
| 010 | _a 94012541 | ||
| 020 | _a1555426727 | ||
| 040 |
_aDLC _cDLC _dDLC |
||
| 043 | _an-us--- | ||
| 100 | 1 | _aEverett, Craig A. | |
| 245 | 1 | 0 |
_aHealthy divorce / _cCraig Everett, Sandra Volgy Everett. |
| 250 | _a1st ed. | ||
| 260 |
_aSan Francisco : _bJossey-Bass, _cc1994. |
||
| 300 |
_ax, 187 p. ; _c23 cm. |
||
| 336 | _atext | ||
| 337 | _aunmediated | ||
| 338 | _avolume | ||
| 504 | _aIncludes bibliographical references (p. 173-174) and index. | ||
| 650 | 0 |
_aDivorce _zUnited States _xPsychological aspects. |
|
| 700 | 1 |
_aEverett, Sandra Volgy, _d1946- |
|
| 942 |
_2lcc _cBK |
||